[Event "May 1800+"]
[Site "SchemingMind.com"]
[Date "2015.06.28"]
[Round "-"]
[White "fanfan_la_Tulipe"]
[Black "David Perna-Fraser"]
[Result "0-1"]
[WhiteCountry "AUT"]
[BlackCountry "CAN"]
[WhiteElo "2061"]
[WhiteRD "71"]
[BlackElo "2305"]
[BlackRD "61"]
[GameID "382667"]

1. f4 e5 2. fxe5 d6 3. Nf3 dxe5 4. e4 Nf6 5. Bc4 Bc5 6. Bxf7+ Kxf7 7. Nxe5+ Ke8 8. c3 Ng4 9. Nxg4 Qh4+ 10. g3 Qxg4
11. Qxg4 Bxg4 12. d4 Be7 13. O-O Bh3 14. Rf2 Nd7 15. Bf4 g5 16. Bxc7 Rc8
0-1

[Event "May 1800+"]
[Site "SchemingMind.com"]
[Date "2015.06.29"]
[Round "-"]
[White "David Perna-Fraser"]
[Black "fanfan_la_Tulipe"]
[Result "1-0"]
[WhiteCountry "CAN"]
[BlackCountry "AUT"]
[WhiteElo "2312"]
[WhiteRD "61"]
[BlackElo "2087"]
[BlackRD "70"]
[GameID "382668"]

1. e4 e5 2. Nf3 Nc6 3. Bc4 Nf6 4. d4 exd4 5. e5 d5 6. Bb5 Ne4 7. Nxd4 Bc5 8. Be3 O-O 9. Nxc6 bxc6 10. Bxc5 Nxc5
11. Bxc6 Ba6 12. Nc3 d4 13. Bxa8 Qxa8 14. Qxd4 Rd8 15. Qg4 Qb7 16. Rb1 Ne6 17. Rd1 Rxd1+ 18. Nxd1 Qd5 19. Nc3 Qxe5+ 20. Qe4 Qc5
21. Qe3 Qb4 22. b3 c5 23. Kd2 Kf8 24. Kc1 Bb7 25. f3 a5 26. Kb1 c4 27. Na4 Bd5 28. Qb6 Qa3 29. Qb8+ Ke7 30. Nb6 Qc5
31. Rd1 Bc6 32. Nxc4 Kf6 33. Qd6 Qb5 34. a4
1-0

[Event "May 1800+"]
[Site "SchemingMind.com"]
[Date "2015.07.02"]
[Round "-"]
[White "Geomy"]
[Black "fanfan_la_Tulipe"]
[Result "0-1"]
[WhiteCountry "ENG"]
[BlackCountry "AUT"]
[WhiteElo "1750"]
[WhiteRD "121"]
[BlackElo "2087"]
[BlackRD "70"]
[GameID "382885"]

1. d4 Nf6 2. c4 g6 3. Nc3 d5 4. cxd5 Nxd5 5. e4 Nxc3 6. bxc3 Bg7 7. Bc4 c5 8. Ne2 O-O 9. O-O Nc6 10. Be3 Bg4
11. f3 Bd7 12. Rc1 Rc8 13. Qd2 Qa5 14. Bd3 cxd4 15. cxd4 Qxd2 16. Bxd2 Nxd4 17. Kf2 Nxe2 18. Kxe2 Rfd8 19. Be3 a6 20. Bb6 Rxc1
21. Rxc1 Rc8 22. Rb1 e5 23. Be3 b5 24. Rd1 Be6 25. Bb1 Bf8 26. Rc1 Rxc1 27. Bxc1 Bc5 28. a3 Kf8 29. Bb2 f6 30. h3 Ke7
31. Bd3 Kd6 32. Kd2 Kc6 33. Kc2 a5 34. Bc1 Bd4 35. Bd2 Bb6 36. Bc3 a4 37. Bb4 Bc5 38. Kc3 Bb3 39. Be2 Bd4+ 40. Kd2 Bc4
41. Be7 f5 42. Bb4 Bxe2 43. Kxe2 Bc5 44. exf5 Bxb4 45. fxg6 hxg6
0-1

[Event "May 1800+"]
[Site "SchemingMind.com"]
[Date "2015.07.02"]
[Round "-"]
[White "fanfan_la_Tulipe"]
[Black "Geomy"]
[Result "1-0"]
[WhiteCountry "AUT"]
[BlackCountry "ENG"]
[WhiteElo "2087"]
[WhiteRD "70"]
[BlackElo "1750"]
[BlackRD "121"]
[GameID "382886"]

1. f4 g6 2. Nf3 Bg7 3. g3 e6 4. Bg2 Ne7 5. O-O O-O 6. d4 d5 7. Na3 a6 8. c4 c6 9. cxd5 exd5 10. Nc2 Bf5
11. Ne3 Be4 12. Qb3 Qc8 13. Ne5 Bxg2 14. Kxg2 Nd7 15. Bd2 Nf6 16. Bb4 Re8 17. g4 Ne4 18. Rac1 Qd8 19. Nf3 Bh6 20. g5 Bg7
21. Ne5 Bxe5 22. fxe5 Nxg5 23. Ng4 Kg7 24. Nf6 Rh8 25. Qe3 Ne6 26. Bd2 h5 27. Qf2 Nf5 28. e3 Qe7= 29. Kh1 Qd8 30. Rg1 Ne7
31. Rcf1
1-0

[Event "May 1800+"]
[Site "SchemingMind.com"]
[Date "2015.07.01"]
[Round "-"]
[White "Geomy"]
[Black "Stephen Woodhouse"]
[Result "1-0"]
[WhiteCountry "ENG"]
[BlackCountry "ENG"]
[WhiteElo "1844"]
[WhiteRD "142"]
[BlackElo "1872"]
[BlackRD "48"]
[GameID "382887"]

1. d4 e6 2. c4 d5 3. Nc3 c5 4. e3 Nc6 5. Nf3 Nf6 6. Be2 dxc4 7. Bxc4 cxd4 8. Nxd4 Nxd4 9. exd4 Be7 10. O-O O-O
11. Be3 Bd7 12. d5 exd5 13. Nxd5 Nxd5 14. Bxd5 Bc6 15. Bxc6 bxc6 16. Qc2 Qc7 17. Rac1 Rac8 18. Rfd1 Rfd8 19. Rxd8+ Rxd8 20. g3 c5
21. b4 c4 22. Qxc4 Qxc4 23. Rxc4 a6 24. Rc6 Bxb4 25. Rxa6 g6 26. Kg2 Bd2 27. Bc5 Rc8 28. Bd4 Bc3 29. Be3 Be5 30. a4 Rc2
31. a5 Ra2 32. Ra8+ Kg7 33. a6 Ra4 34. Re8 Bd4 35. Bxd4+
1-0

[Event "May 1800+"]
[Site "SchemingMind.com"]
[Date "2015.07.01"]
[Round "-"]
[White "Stephen Woodhouse"]
[Black "Geomy"]
[Result "1-0"]
[WhiteCountry "ENG"]
[BlackCountry "ENG"]
[WhiteElo "1872"]
[WhiteRD "48"]
[BlackElo "1844"]
[BlackRD "142"]
[GameID "382888"]

1. e4 d5 2. exd5 Qxd5 3. Nf3 Nf6 4. d4 c6 5. Be2 Bf5 6. O-O e6 7. c4 Qd7 8. Ne5 Qc7 9. Nc3 Nbd7 10. Bf4 Nxe5
11. Bxe5 Qd8 12. Bf3 Bd6 13. Qe2 O-O 14. Rad1 Re8 15. Rfe1 Be7 16. d5 exd5 17. cxd5 cxd5 18. Nxd5 Nxd5 19. Bxd5 Bf6 20. Bxf7+ Kxf7
21. Rxd8 Raxd8 22. f4 g5 23. Qc4+ Kg6 24. Qc3 Rd3 25. Qa5 gxf4 26. Bxf6
1-0

[Event "May 1800+"]
[Site "SchemingMind.com"]
[Date "2015.07.01"]
[Round "-"]
[White "Geomy"]
[Black "frankly"]
[Result "0-1"]
[WhiteCountry "ENG"]
[BlackCountry "ENG"]
[WhiteElo "1792"]
[WhiteRD "130"]
[BlackElo "2460"]
[BlackRD "56"]
[GameID "382889"]

1. d4 Nf6 2. c4 e6 3. Nf3 Bb4+ 4. Bd2 Qe7 5. a3 Bxd2+ 6. Qxd2 b6 7. Nc3 Bb7 8. g3 Bxf3 9. exf3 c5 10. Bg2 Nc6
11. Ne2 Na5 12. Qc2 Rc8 13. b3 cxd4 14. Nxd4 d5 15. O-O O-O 16. b4 Nxc4 17. Qe2 Rc7 18. Nb5 Rb7 19. f4 Rd7 20. Nd4 Rc8
21. Rfc1 h5 22. Bf3 h4 23. Kg2 Qd6 24. Nb5 Qf8 25. Nd4 Qe7 26. Rc2 Rdc7 27. Rc3 a6 28. Re1 Qd6 29. Rb1 b5 30. Ra1 g6
31. Rcc1 Qd8 32. Nb3 Kg7 33. Nc5 Nd7 34. Nd3 Ndb6 35. Ne5 Qf6 36. Re1 Nxe5 37. Qxe5 Qxe5 38. Rxe5 hxg3 39. hxg3 Rc1 40. Re1 Rxe1
41. Rxe1 Rc3 42. Ra1 Nc4 43. a4 Rb3 44. axb5 axb5 45. Ra7 Rxb4 46. Rb7 Rb2 47. Kf1 b4
0-1

[Event "May 1800+"]
[Site "SchemingMind.com"]
[Date "2015.07.01"]
[Round "-"]
[White "frankly"]
[Black "Geomy"]
[Result "1-0"]
[WhiteCountry "ENG"]
[BlackCountry "ENG"]
[WhiteElo "2436"]
[WhiteRD "60"]
[BlackElo "1844"]
[BlackRD "142"]
[GameID "382890"]

1. d4 Nf6 2. Nf3 e6 3. c4 d5 4. Nc3 c6 5. Qc2 Bb4 6. a3 Be7 7. e3 Qa5 8. Bd3 O-O 9. O-O Nbd7 10. e4 Nxe4
11. Nxe4 dxe4 12. Bxe4 Nf6 13. Bd3 Rd8 14. Bf4 Bd6 15. Bg5 Be7 16. Bxh7+ Kf8 17. Rfd1 Bd7 18. Ne5 Be8 19. c5 Nd5 20. Bxe7+ Kxe7
21. Qe4
1-0

[Event "May 1800+"]
[Site "SchemingMind.com"]
[Date "2015.07.02"]
[Round "-"]
[White "Geomy"]
[Black "gabeeg"]
[Result "0-1"]
[WhiteCountry "ENG"]
[BlackCountry "USA"]
[WhiteElo "1750"]
[WhiteRD "121"]
[BlackElo "2223"]
[BlackRD "85"]
[GameID "382891"]

1. d4 d6 2. c4 e5 3. d5 g6 4. e4 Bg7 5. Nc3 a5 6. Be3 Na6 7. f3 Bh6 8. Qd2 Bxe3 9. Qxe3 Qh4+ 10. g3 Qh6
11. Qxh6 Nxh6 12. O-O-O Bd7 13. g4 Nc5 14. Nge2 Ng8 15. Ng3 Ne7 16. h4 b6 17. Be2 O-O-O 18. Rdf1 c6 19. Kb1 f5 20. gxf5 gxf5
21. dxc6 Bxc6 22. Nd5 Nxd5 23. cxd5 Bd7 24. Rhg1 f4 25. Nf5 Bxf5 26. exf5 Rdf8 27. Rg5 Rhg8 28. Rfg1 Rxg5 29. Rxg5 h6 30. Rg6 Kd7
31. f6 Ke8 32. Bb5+ Kf7 33. Rxh6 Rg8 34. Kc1 Rg3 35. Kd1 e4 36. fxe4 Nxe4 37. Rh7+ Kxf6
0-1

[Event "May 1800+"]
[Site "SchemingMind.com"]
[Date "2015.07.02"]
[Round "-"]
[White "gabeeg"]
[Black "Geomy"]
[Result "1-0"]
[WhiteCountry "USA"]
[BlackCountry "ENG"]
[WhiteElo "2223"]
[WhiteRD "85"]
[BlackElo "1750"]
[BlackRD "121"]
[GameID "382892"]

1. Nf3 d6 2. d4 Nf6 3. c4 Nbd7 4. Nc3 g6 5. e4 Bg7 6. Be2 O-O 7. O-O e5 8. Be3 c6 9. d5 cxd5 10. cxd5 a6
11. Nd2 b5 12. b4 Nb6 13. a4 Nxa4 14. Nxa4 bxa4 15. Rxa4 Bb7 16. Bd3 Qd7 17. Bg5 Ne8 18. Qb3 Nc7 19. Nc4 Rab8 20. Rc1 Nb5
21. Na5 Rfc8 22. Nxb7 Rxc1+ 23. Bxc1 Qxb7 24. Be3 Rc8 25. Ra5 Rb8 26. Qc4 Rc8 27. Qa2 Nc7 28. Qa4 Rb8 29. Bd2 Qb6 30. Bxa6 Nxa6=
31. Rxa6 Qd4 32. Qc2 Bf8 33. h3 Kg7 34. Bc3 Rc8 35. Rc6 Rxc6 36. dxc6 Qc4 37. Bxe5+
1-0

[Event "May 1800+"]
[Site "SchemingMind.com"]
[Date "2015.07.01"]
[Round "-"]
[White "Geomy"]
[Black "xarxziux"]
[Result "0-1"]
[WhiteCountry "ENG"]
[BlackCountry "IRL"]
[WhiteElo "1792"]
[WhiteRD "130"]
[BlackElo "2017"]
[BlackRD "68"]
[GameID "382893"]

1. d4 d6 2. c4 Nf6 3. Nc3 e5 4. d5 Be7 5. e4 O-O 6. Nf3 Nbd7 7. Be2 a5 8. O-O Nc5 9. h3 Nfxe4 10. Nxe4 Nxe4
11. Bd3 Nc5 12. Bc2 f5 13. b3 Bf6 14. Bb2 Bd7 15. a3 b5 16. Nd2 bxc4 17. bxc4 Rb8 18. Bc3 e4 19. Nb1 Rxb1
0-1

[Event "May 1800+"]
[Site "SchemingMind.com"]
[Date "2015.07.01"]
[Round "-"]
[White "xarxziux"]
[Black "Geomy"]
[Result "1-0"]
[WhiteCountry "IRL"]
[BlackCountry "ENG"]
[WhiteElo "2017"]
[WhiteRD "68"]
[BlackElo "1792"]
[BlackRD "130"]
[GameID "382894"]

1. Nf3 Nf6 2. c4 g6 3. Nc3 Bg7 4. e4 d6 5. d4 O-O 6. Be2 Bg4 7. Be3 Nbd7 8. O-O e5 9. d5 Re8 10. Ne1 Bxe2
11. Qxe2 a5 12. Nd3 b6 13. f3 Rf8 14. a3 Ne8 15. b4 f5 16. Kh1 f4 17. Bg1 Nef6 18. c5 axb4 19. axb4 bxc5 20. bxc5 Rxa1
21. Rxa1 Qb8 22. c6
1-0

[Event "May 1800+"]
[Site "SchemingMind.com"]
[Date "2015.07.01"]
[Round "-"]
[White "Geomy"]
[Black "David Perna-Fraser"]
[Result "0-1"]
[WhiteCountry "ENG"]
[BlackCountry "CAN"]
[WhiteElo "1844"]
[WhiteRD "142"]
[BlackElo "2305"]
[BlackRD "61"]
[GameID "382895"]

1. d4 f5 2. e4 fxe4 3. Nc3 Nf6 4. f3 d5 5. Bg5 Nc6 6. fxe4 Nxe4 7. Nxe4 dxe4 8. d5 Nb4 9. Bc4 Qd6 10. Qd2 e6
11. O-O-O exd5 12. Bxd5 Nxd5 13. Qxd5 Qxd5 14. Rxd5 Bd6 15. Ne2 O-O 16. Be3 Be6 17. Rdd1 Bg4 18. Rd2 a5 19. h3 Bd7 20. Nc3 Bc6
21. Nd5 Rf5 22. Rhd1 Raf8 23. a3 b5 24. b4 axb4 25. axb4 Bxd5 26. Rxd5 Bxb4 27. R5d4 Bc3 28. Rxe4 Ra8
0-1

[Event "May 1800+"]
[Site "SchemingMind.com"]
[Date "2015.07.01"]
[Round "-"]
[White "David Perna-Fraser"]
[Black "Geomy"]
[Result "1-0"]
[WhiteCountry "CAN"]
[BlackCountry "ENG"]
[WhiteElo "2305"]
[WhiteRD "61"]
[BlackElo "1844"]
[BlackRD "142"]
[GameID "382896"]

1. e4 d5 2. exd5 Qxd5 3. Nc3 Qa5 4. Nf3 Nf6 5. d4 Bf5 6. Bd2 c6 7. Bc4 Nbd7 8. Qe2 e6 9. d5 Qc7 10. dxe6 fxe6
11. Bxe6 Bxe6 12. Qxe6+ Be7 13. O-O Nc5 14. Qe2 O-O-O 15. b4 Na6 16. b5 Nb8 17. bxc6 Nxc6 18. Nb5 Qd7 19. Be3
1-0